000 00701nam a22002057a 4500
003 Ost
005 20210225133443.0
008 210225b ||||| |||| 00| 0 eng d
020 _a9780692869154
040 _cBT-PhCST
050 _a23963-23965
082 _222
_a658.404
_bCIC
100 _aCicala, Gus.
245 _aProject management using Microsoft project 2016 :
_ba training and reference guide for project managers using standard, professional, server, web application and project online for office 365 /
250 _a1st ed.
260 _aWilmington, Delaware :
_bProject Assistants, Inc.,
_cc2017.
300 _a528 p. :
_bill. ;
_c28 cm.
500 _aIncludes index.
942 _2ddc
_cME
999 _c8020
_d8020